000 00261nam a22000977a 4500
999 _c11200
_d11200
008 181009b ||||| |||| 00| 0 eng d
020 _a9788123748436
100 _aSHARMA, VINOD
_96956
245 _aCARE OF DOGS AND CATS
260 _aINDIA
_bNATIONAL BOOK TRUST
_c2006